000 00354nam a2200133Ia 4500
008 100328s9999 xx 000 0 und d
082 _b22110
100 _aकाकोकडकर शशिकला
245 _aअभिमान
260 _bशेटेये
630 _aअभिमान
730 _aअभिमान
942 _cBOOK
999 _c516054
_d516051